MDQL
is popping MORE tags! Check the
thread
!
Quizzes
Events
Quiz Creation
Community
Videos
Private Events
Remove Ads
Sign In
Join for FREE
Feedback
Dark Mode
Quiz Categories
Sports
Geography
Music
Movies
Television
Just For Fun
Miscellaneous
History
Literature
Language
Science
Gaming
Entertainment
Religion
Holiday
For Kids
Quiz Lab
Recent
Popular Today
Quiz Kudos Today
Editor Picks
Curator Picks
Quizzes by...
Day
Popularity
Type
Ratings
Length
Year
Community
Subscriptions
Recent Discussions
Orange Saloon
Badges
Playlists
Quests
Create
Leaderboards
Showdown
Live 5
Trivia Bingo
Activity
Puzzle Library
Sporcle Events
Private Events
Virtual Trivia
Globe League
Become a Host
Pub Owners
SporcleCon
Opinionation
Our Games
Videos
Blog
Mobile Apps
Partnerships
Remove Ads and Go Orange
Feedback
History
US Presidents
World Leaders
Politics
Nation
Discovery
War
Decade
Year
Century
Biography
Art
History
US Presidents
World Leaders
Politics
Nation
Discovery
War
Decade
Year
Century
Biography
Art
Random Quiz
Search Sporcle
×
Quiz Lab
Quiz Lab
History
gcse
Type in answers that appear in a list
Type in answers that appear in a list
Classic
Best Score? Go Orange.
GCSE HISTORY Vietnam Stats
Can you name the GCSE HISTORY Vietnam quiz?
By
georgiewd
10m
15 Questions
138 Plays
138 Plays
138 Plays
Comments
Comments
Give Quiz Kudos
Give Quiz Kudos
-
- Ratings
hide this ad
Forced Order
Answers have to be entered in order
Answers have to be entered in order
Replay
Link that replays current quiz
Next Quiz
Link to next quiz in quiz playlist
You Got
0%
They Got
Avg Score
19%
Avg Friend Score
Upgrade to see
Score Distribution
Jump to the score distribution portion of the page
Score
0/15
Timer
10:00
0
Plays Today
Questions
Answer
% Correct
In 1954 at the Geneva Conference Vietnam was divided at the…
17th parallel
61.6%
Where was the famous Massacre of 1968?
My Lai
60.1%
What was the bombing campaign in 1965-
68 called?
Operation Rolling Thunder
40.6%
What was Agent Orange?
Chemical
37.7%
Questions
Answers
19.6%
What was the Domino Theory?
the fear that if one country falls to communism, neighbouring countries will also fall to communism
16.7%
What happened at the Kent State University protest of 1970?
4 students shot
12.3%
How long did it take for the US to regain control of the US embassy during the Tet Offensive?
48 hours
12.3%
Questions
Answer
% Correct
Name some methods used in Guerilla warfare.
hide and seek’
10.9%
What did Walter Cronkite predict the war would end with?
a stalemate
10.9%
Name a slogan that protestors used to shout.
hey, hey LBJ, how many kids have you killed today?
6.5%
Where were the last Americans photographed leaving Vietnam?
roof of US embassy
5.1%
What happened in 1964 at the Gulf of Tonkin?
US ships attacked by North Korean forces
2.2%
Why did America use ‘Search and Destroy’?
North Vietnamese were suspected to be hiding in South Vietnamese towns
1.4%
What were Draft Dodgers?
people who tore up their draft papers and refused to go to war
1.4%
Quiz Playlist
Details
Report
Send in Message
Add To Playlist
Classic:
Type in answers that appear in a list
Forced Order:
Answers have to be entered in order
Last Updated: Feb 16, 2017
Quiz Scoreboard
CHALLENGE
Sign Up to Join the Scoreboard
Show All
Scores
Hide
Comments
May contain spoilers
Recently Published
Image Sorting: Flags VI
by Barbecue
Geography
2m
Find the 'City' Movie
by crazypaving
Movies
60s
Colored Red Africa Blitz
by spor1
Geography
45s
More to Explore
Quiz From the Vault
Featured Blog Post
14 Easter Pick-up Lines to Find Eggs With
hide this ad
You Might Also Like...
Tags
gcse
Vietnam
Today's Top Quizzes in History
Browse History
hide this ad
Top Contributed Quizzes in History
1
I Am Born On March 29th
2
Order Up: 1000 Years of World Events I
3
US National Parks Named After People
4
Popular People in 1951
5
Popular People in 1991
6
Popular People in 1941
7
Popular People in 1986
8
Popular People in 1981
9
Popular People in 1921
10
Popular People in 1976
Explore More
Trending Topics
Anime
Kpop
Disney
Marvel
NBA
Harry Potter
Crossword
NFL
Pokémon
WWE
Soccer
Country
Song
The Office
Puzzle
hide this ad
More By:
georgiewd
Quiz
Plays
Rating
Category
Featured
Created
GCSE HISTORY 1920s America
482
1.00
History
Jun 9, 2015
GCSE HISTORY Vietnam
138
1.00
History
Jun 9, 2015
GCSE HISTORY 1930s America
85
History
Jun 9, 2015
Go to Creator's Profile
Score Distribution
Quiz Creator Spotlight
georgiewd
Follow
Send a Message
Quizzes Created
-
Created Quiz Play Count
-
More By This Creator
Popular Quizzes Today
1
Colored Red Africa Blitz
2
Find the US States - No Outlines Minefield
3
Find the 'City' Movie
4
5x2 Blitz: Bands
5
The Countries of the World
6
Find the US States
7
Find the Countries of Europe - No Outlines Minefield
8
US States
More History Quizzes
I Am Born On September 7th
Quiz Lab
Trending Quizzes
Colored Red Europe Blitz I
Colored Red Europe Blitz II
Colored Red Africa Blitz II
Colored Red Europe Blitz III
Colored Red Africa Blitz III
Recently Updated
How Do You Spell That?
pecheneg
Godzilla Movies
pecheneg
Grab Bag: 4-10 Letters
pecheneg
2024 March Madness Bracket
pecheneg
Famous TV Couples
Peacemaker
Champions League XIs: Real Madrid
pecheneg
Largest US Cities 1790-2010
pecheneg
Rides in Walt Disney World
pecheneg
Most Oscar Losses (Acting)
pecheneg
Beyoncé Albums
pecheneg
Trending Topics
Disney
Marvel
Anime
NBA
Harry Potter
Kpop
Crossword
NFL
The Office
Pokémon
Soccer
Song
WWE
Country
Puzzle
Your Account Isn't Verified!
In order to create a playlist on Sporcle, you need to verify the email address you used during registration. Go to your
Sporcle Settings
to finish the process.
Report this User
Report this user for behavior that violates our
Community Guidelines
.
Details:
Send Report
Go to the Sporcle.com Mobile Site →
Comments